000 00684cab a2200229 4500
001 WB2701-02
008 090401t1990 xxu||||| |||| 00| 0 eng d
035 _a(Sirsi) u64936
041 _aeng
245 _aFalse description case
260 _c1990
350 _a0
490 _aEstates Gazette
_v(9050) 15/12/90 p55
520 _aDiscusses the case May v Vincent QBD 1990, where an auctioneer was prosecuted under the Trade Descriptions Act 1968 for applying a false description to a painting .
650 _aAUCTION CATALOGUES
650 _aDISCLAIMER
650 _aLAW CASE
650 _aTURNER
690 _aAuctioneering
_96218
942 _n0
948 _c04/03/1997
999 _c40463
_d40463